Statistics for Lande efter bogstav - T

Click here to take the quiz!

General Stats

  • This quiz has been taken 3 times
  • The average score is 9 of 14

Answer Stats

Land% Correct
Tchad
100%
Tjekkiet
100%
Tonga
100%
Tyrkiet
100%
Tyskland
100%
Taiwan
50%
Tanzania
50%
Thailand
50%
Togo
50%
Trinidad og Tobago
50%
Tunesien
50%
Turkmenistan
50%
Tuvalu
50%
Tadsjikistan
0%

Score Distribution

Percentile by Number Answered

Percent of People with Each Score

Your Score History

You have not taken this quiz